000 00279nam a2200097Ia 4500
001 652441
005 20250826154438.0
008 250824s9999 xx 000 0 und d
245 0 _aPROFESÖR KİP İLE TÜRKÇE 4 İŞLER FENA KARIŞTI
_cBİRSEN EKİM ÖZEN
260 _bTİMAŞ ÇOCUK
999 _c652441
_d652441